LEADER 01133nam a2200241 i 4500 001 000000111099 003 CaOOAMICUS 005 20030107000000.0 008 030107s2001 it u000 u ita u 013 $a83780 040 $aSeMil$bita 100 1 $aMondelli, Luigi Antonio.$0(OLS)http://semarc/name/46565 245 12$aL'obiezione di coscienza e la Chiesa italiana :$banalisi di un passato e prospettive per il futuro /$cLuigi Mondelli Antonio. 260 $a[S.l. :$bs.n.],$cstampa 2001$e(Pavia :$fCoop. Soc. Il Giovane Artigiano,$gstampa 2001) 300 $a128 p. ;$c24 cm. 500 $aContiene : [4] Appendici ; Bibliografia ; Fonti. - Fondo Card. C.M. Martini. 650 4$aObiezione di coscienza.$0(OLS)http://semarc/subject/8931 850 $aSeMil 852 $aSeMil$W1$xVenegono$y1$m2E III 13$j66934$B66934$CSeMilBibl$Z2$F88648 $81 941 1 $a4 961 $aOmaggio: Martini Card. Carlo Maria 996 $6245$aL'obiezione di coscienza e la Chiesa italiana :$banalisi di un passato e prospettive per il futuro$9(OLS)http://semarc/title/161618 996 $6260$a[S.l. :$bs.n.]$9(OLS)http://semarc/publisher/29751 LEADER 00690naa a2200157 i 4500 001 000000308297 003 CaOOAMICUS 005 20180831172932.0 008 180831n it u000 u ita u 013 $a17262 040 $aSeMil$bita 100 1 $aPetruzzi, Paolo <1954->.$0(OLS)http://semarc/name/26581 245 10$aItinerario dell'apologetica muratoriana. 650 4$aMuratori, Ludovico Antonio <1672-1750> - Apologetica.$0(OLS)http://semarc/subject/43774 773 0 $aPetruzzi, Paolo <1954->$t"regolata" religione.$dAssisi : Cittadella, stampa 2010.$kStudi e ricerche. Supplementi di Firmana$gp.11-42$w()53759 996 $6245$aItinerario dell'apologetica muratoriana$9(OLS)http://semarc/title/383571